000
00221nam a22000857a 4500
008
170619b xxu||||| |||| 00| 0 eng d
100
_9
3525
_a
Collins
245
_a
Collins 175 Years of Dictionary
260
_a
Glasgow
_b
Titg
_c
2011
999
_c
6909
_d
6909